000 00728nam a2200241Ia 4500
001 1484
003 GE_BSU
008 181216s||||||||xx |||||||||||||| ||und||
040 _cGE_BSU
080 _a632.9(075.8)
100 _aБондаренко,Н.В.
245 _aБиологическая защита растении
245 _bУч-к для студ. высш. учебн. завед.
250 _a2-е изд. доп. и перераб
260 _aМосква
260 _bАгропромиздат
260 _c1986
300 _a278стр. 21см.
541 _h7л.
653 _aБиологическая защита растении
653 _aბიოლოგია
942 _cBK
999 _c35618
_d35618